The myth of Santa Fe : creating a modern regional tradition /
"Wilson unravels the complex interactions of ethnic identity and tourist image-making. Santa Fe's is a distinctly modern success story--the story of a community that transformed itself from a declining provincial capital of 5,000 in 1912 into an internationally recognized tourist destinati...
Saved in:
| Main Author: | |
|---|---|
| Format: | Book |
| Language: | English |
| Published: |
Albuquerque :
University of New Mexico Press,
1997.
|
| Edition: | 1st ed. |
| Subjects: | |
| Tags: |
Add Tag
No Tags, Be the first to tag this record!
|
| LEADER | 02258cam a22003498a 4500 | ||
|---|---|---|---|
| 001 | 007296352-2 | ||
| 005 | 20170308091538.0 | ||
| 008 | 951215s1997 nmua b s001 0 eng | ||
| 010 | |a 95050222 | ||
| 020 | |a 0826317456 (cloth) | ||
| 020 | |a 0826317464 (paper) | ||
| 035 | 0 | |a ocm33971579 | |
| 040 | |a DLC |c DLC |d DLC | ||
| 043 | |a n-us-nm | ||
| 050 | 0 | 0 | |a F804.S25 |b W55 1997 |
| 082 | 0 | 0 | |a 978.9/5605 |2 20 |
| 100 | 1 | |a Wilson, Chris, |d 1951 December 23- | |
| 245 | 1 | 4 | |a The myth of Santa Fe : |b creating a modern regional tradition / |c Chris Wilson. |
| 250 | |a 1st ed. | ||
| 260 | |a Albuquerque : |b University of New Mexico Press, |c 1997. | ||
| 300 | |a vii, 410 p. : |b ill. ; |c 26 cm. | ||
| 504 | |a Includes bibliographical references (p. 394-397) and index. | ||
| 520 | |a "Wilson unravels the complex interactions of ethnic identity and tourist image-making. Santa Fe's is a distinctly modern success story--the story of a community that transformed itself from a declining provincial capital of 5,000 in 1912 into an internationally recognized tourist destination. But it is also a cautionary tale about the commodification of Native American and Hispanic cultures, and the social displacement and ethnic animosities that can accompany a tourist boom."--Cover. | ||
| 505 | 0 | |a Introduction: Some Paradoxes of Modern Cultural Identity -- pt. 1. Santa Fe Before It Became a Style. 1. Spanish and Pueblo Santa Fe. 2. Into the American Melting Pot, 1846 to 1912. 3. The Reluctant Tourist Town -- Interlude: Adobe Camouflage -- pt. 2. Modern Santa Fe. 4. Romantic Regional Architecture, 1905 to 1930. 5. Mexicano, Spanish-American: Chicano, Hispanic -- Interlude: Coyote Consciousness. 6. From Fiesta to Fourth of July. 7. Restoration Is the Most Total Destruction. 8. Modern Regional Architecture, 1930 to 1992 -- Conclusion: A Myth Worth Believing -- Appendix. Tables of Population and Economics. | |
| 650 | 0 | |a Regionalism |z New Mexico |z Santa Fe |x History |y 20th century. | |
| 650 | 0 | |a Ethnicity |z New Mexico |z Santa Fe |x History |y 20th century. | |
| 650 | 0 | |a Tourism |z New Mexico |z Santa Fe |x History |y 20th century. | |
| 651 | 0 | |a Santa Fe (N.M.) |x Civilization |y 20th century. | |
| 655 | 7 | |a History. |2 fast | |
| 899 | |a 415_565395 | ||
| 988 | |a 20020608 | ||
| 906 | |0 DLC | ||


